Miasta w Polsce powyżej 67 tysięcy ludności - Statystyki

Ogólne statystyki
  • Ten quiz został rozwiązany 38 razy
  • Średni wynik to 43 z 55
Statystyki odpowiedzi
Lp Województwo Ludność Miasto % Poprawnych
1 Mazowieckie 1 793 579 Warszawa
100%
2 Małopolskie 779 966 Kraków
97%
3 Dolnośląskie 673 923 Wrocław
97%
10 Podlaskie 296 958 Białystok
94%
6 Pomorskie 470 907 Gdańsk
94%
12 Pomorskie 246 348 Gdynia
94%
11 Śląskie 292 774 Katowice
94%
18 Świętokrzyskie 194 852 Kielce
94%
4 Łódzkie 670 642 Łódź
94%
8 Lubelskie 339 784 Lublin
94%
5 Wielkopolskie 534 813 Poznań
94%
15 Podkarpackie 198 609 Rzeszów
94%
7 Zachodnio pomorskie 395 513 Szczecin
94%
17 Kujawsko pomorskie 196 935 Toruń
94%
9 Kujawsko pomorskie 339 053 Bydgoszcz
90%
14 Mazowieckie 206 946 Radom
90%
24 Lubuskie 141 222 Zielona góra
90%
13 Śląskie 214 341 Częstochowa
87%
19 Śląskie 178 603 Gliwice
87%
31 Lubuskie 115 309 Gorzów wielkopolski
87%
21 Warmińsko mazurskie 171 979 Olsztyn
87%
27 Opolskie 128 035 Opole
87%
22 Śląskie 170 663 Bielsko biała
84%
34 Śląskie 107 807 Chorzów
84%
16 Śląskie 197 586 Sosnowiec
84%
20 Śląskie 172 360 Zabrze
84%
23 Śląskie 165 263 Bytom
81%
38 Dolnośląskie 99 350 Legnica
81%
25 Śląskie 135 994 Rybnik
81%
35 Małopolskie 105 922 Tarnów
81%
29 Warmińsko mazurskie 119 317 Elbląg
77%
37 Wielkopolskie 100 246 Kalisz
77%
28 Śląskie 125 781 Tychy
77%
30 Śląskie 116 971 Dąbrowa górnicza
74%
36 Zachodnio pomorskie 104 994 Koszalin
74%
33 Dolnośląskie 108 222 Wałbrzych
74%
32 Kujawsko pomorskie 109 883 Włocławek
74%
47 Wielkopolskie 74 151 Konin
71%
43 Małopolskie 83 896 Nowy sącz
71%
26 Śląskie 135 008 Ruda śląska
71%
45 Dolnośląskie 77 366 Jelenia góra
68%
50 Dolnośląskie 72 581 Lubin
68%
49 Łódzkie 73 090 Piotrków trybunalski
68%
54 Podlaskie 69 527 Suwałki
68%
39 Kujawsko pomorskie 95 045 Grudziądz
65%
41 Pomorskie 91 007 Słupsk
65%
55 Wielkopolskie 68 943 Gniezno
61%
48 Wielkopolskie 73 398 Piła
61%
52 Kujawsko pomorskie 70 713 Inowrocław
58%
46 Śląskie 74 586 Mysłowice
58%
44 Mazowieckie 77 872 Siedlce
58%
42 Śląskie 89 128 Jastrzębie zdrój
52%
53 Zachodnio pomorskie 70 534 Stargard
52%
40 Śląskie 91 583 Jaworzno
48%
51 Wielkopolskie 71 560 Ostrów wielkopolski
45%
Nie znaleziono quizów pasujących do podanych kryteriów
Rozkład punktacji
Procent ludzi z każdym wynikiem
Percentyl według liczby udzielonych odpowiedzi
Twoja historia wyników
Nie rozwiązałeś tego quizu